| 000 | 00587nam a22001937a 4500 | ||
|---|---|---|---|
| 005 | 20251216160012.0 | ||
| 010 | _aENG-147341 | ||
| 020 |
_a9788195468027 _c499.00 |
||
| 035 | _aEN-130873 | ||
| 037 | _bDBAD | ||
| 082 | _a303.440954 | ||
| 100 |
_aNavaneethan S _986122 |
||
| 245 |
_aScience & Technology in the Development of India/ _cBy S Navaneethan |
||
| 250 | _a1 | ||
| 260 |
_aChennai _bTamizhi Books _c2022 |
||
| 270 |
_a20th Main Road, Anna Nager tamil Nadu _bChennai _e600040 |
||
| 300 |
_a418p. _bAppendix _c28cm(pb) |
||
| 942 |
_2ddc _cEN _h303.440954 _mNAV |
||
| 999 |
_c213950 _d213950 |
||